000 00578nam a2200205 a 4500
005 20140412111325.0
008 001109s19uu xx 00 eng d
020 _a0-307-12318-9
050 _aER
_bBe46 1990
050 _aER
_bBe46 1992
100 _aAllen, Constance
245 _aBert's beautiful sights /
_cConstance Allen ; illustrated by Maggie Swanson.
260 _aNew York :
_bGolden Press Book,
_c1990.
300 _a1 v. (unp.) ; ill.
440 _aCTW/Sesame Street
650 _aChildren stories
650 _aSights
999 _c104607
_d104607